La posesin̤

Detalles Bibliográficos
Autor principal: Lara Fernǹdez, Alberto
Formato: eBook
Lenguaje:español
Publicado: [Mx̌ico] : ALFER Abogados, 2011.
Materias:
Acceso en línea:Acceso restringido

MARC

LEADER 00000nam a22000007a 4500
005 20110909143915.0
008 110909t2011 mx |||||s|||| 00| 0 spa d
035 |a 5690 
040 |a vLex 
090 |c 2412  |d 2412 
100 1 |a Lara Fernǹdez, Alberto 
245 1 3 |a La posesin̤  |h [Recurso electrn̤ico] /  |c Alberto Lara Fernǹdez; Mayra Alejandra Mendoza Vz̀quez  
256 |a Servicio en ln̕ea. 
260 |a [Mx̌ico] :  |b ALFER Abogados,  |c 2011. 
300 |a 1 recurso electrn̤ico 
506 1 |a Contenido solo disponible en los productos indicados  |d vLex Global  |d vLex Global (Academic Edition, excluding Law Schools)  |d vLex Global (U.S. Academic Edition, Law Schools)  |d vLex Global (U.S. Academic Edition, excluding Law Schools)  |d vLex Global (Academic Edition, Law Schools) 
650 0 4 |a Posesin̤ (derecho)  |z Mx̌ico 
650 0 4 |a Derecho civil  |z Mx̌ico 
740 0 |a vLex Libros (Servicio en ln̕ea) 
856 4 0 |u http://vlex.com/source/la-posesion-5690  |z Acceso restringido 
942 |c BOOK